| 000 | 00952nam a22002175i 4500 | ||
|---|---|---|---|
| 001 | 153721 | ||
| 003 | ES-MaACL | ||
| 005 | 20250827062627.0 | ||
| 008 | 960614s1879 sp |||| | spa d | ||
| 040 |
_aCYL _bspa _cCYL _dCCPB |
||
| 110 | 1 |
_aEspaña _93622 |
|
| 240 | 1 | 0 | _aLeyes, etc., de aguas |
| 245 | 1 | 0 |
_aLegislacion de aguas _b: comprende todas las principales disposiciones que se han dictado sobre esta materia desde 1846 hasta fin de junio de 1879 / _ccompilacion autorizada por Real Orden de 26 del citado mes de junio ... por Aurelio Bentaból y Ureta y Pablo Martinez Pardo. |
| 260 |
_aMadrid : _b[s.n.], _c1879 ( _fImprenta de Manuel G. Hernandez) |
||
| 300 |
_a[4] h., 630 p., [5] h., [1] h. pleg. ; _c22 cm. |
||
| 650 | 4 |
_aAgua- _vLegislación- _zEspaña. _99695 |
|
| 700 | 1 |
_aBentaból y Ureta, Aurelio. _9125919 |
|
| 700 | 0 |
_aMartínez Pardo, Pablo. _978307 |
|
| 852 |
_aES-MaACL _jB-1027 _z-- Enc. hol. |
||
| 999 |
_c153721 _d153721 |
||